UM Logo

Modern biology/ (Record no. 3501)

MARC details
000 -LEADER
fixed length control field 00528nam a22001697a 4500
008 - FIXED-LENGTH DATA ELEMENTS--GENERAL INFORMATION
fixed length control field 160721b xxu||||| |||| 00| 0 eng d
020 ## - INTERNATIONAL STANDARD BOOK NUMBER
International Standard Book Number 971-08-3436-3
082 ## - DEWEY DECIMAL CLASSIFICATION NUMBER
Edition number 1985
Classification number DC 570
Item number Ot86
100 ## - MAIN ENTRY--PERSONAL NAME
9 (RLIN) 11673
Personal name Otto, James H.
245 ## - TITLE STATEMENT
Title Modern biology/
Statement of responsibility, etc. James H. Otto and Albert Towle
260 ## - PUBLICATION, DISTRIBUTION, ETC. (IMPRINT)
Place of publication, distribution, etc. New York:
Name of publisher, distributor, etc. Holt, Rinehart and Winston,
Date of publication, distribution, etc. c1985.
300 ## - PHYSICAL DESCRIPTION
Extent v, 822 pages:
Other physical details illustrations;
Dimensions 25 cm.
500 ## - GENERAL NOTE
General note Includes glossary and index.
650 #0 - SUBJECT ADDED ENTRY--TOPICAL TERM
9 (RLIN) 11675
Topical term or geographic name as entry element Biology
700 ## - ADDED ENTRY--PERSONAL NAME
9 (RLIN) 11676
Personal name Towle, Albert
942 ## - ADDED ENTRY ELEMENTS (KOHA)
Source of classification or shelving scheme Dewey Decimal Classification
Koha item type Circulation
Holdings
Withdrawn status Lost status Source of classification or shelving scheme Damaged status Not for loan Collection code Home library Current library Shelving location Date acquired Source of acquisition Total Checkouts Full call number Barcode Date last seen Date last checked out Copy number Price effective from Koha item type
    Dewey Decimal Classification     Circulation UM Digos College - LIC UM Digos College - LIC Book Cart 07/21/2016 Purchased 1 DC 570 Ot86 1985 13217 05/15/2025 12/21/2018 2 07/21/2016 Circulation
    Dewey Decimal Classification     Circulation UM Digos College - LIC UM Digos College - LIC Book Cart 07/21/2016   1 DC 570 Ot86 1985 13216 05/15/2025 03/09/2020 1 07/21/2016 Circulation
    Dewey Decimal Classification     Circulation UM Digos College - LIC UM Digos College - LIC     Purchased   DC 570 Ot86 1985 1320 05/15/2025   5 01/26/2018 Circulation
    Dewey Decimal Classification     Circulation UM Digos College - LIC UM Digos College - LIC   07/21/2016 Purchased   DC 570 Ot86 1985 13218 05/15/2025   3 03/13/2024 Circulation